000
00316nam a2200133Ia 4500
005
20260328104331.0
008
260328s9999||||xx |||||||||||||| ||und||
100
_a
Kromrei, Claudia
245
0
_a
PostModern Berlin /
_c
Claudia Kromrei
260
_b
Niggli
300
_a
169 p.
650
_a
ARQUITECTOS
942
_c
BK
999
_c
11702
_d
11702